| 000 | 00580nam a2200109Ia 4500 | ||
|---|---|---|---|
| 008 | 171212s9999 xx 000 0 und d | ||
| 100 | _aDisley, Emma;Weed, Kristin;Reding, Anais;Clutterbuck, Lindsay;Warnes, Richard | ||
| 245 |
_cDisley, Emma;Weed, Kristin;Reding, Anais;Clutterbuck, Lindsay;Warnes, Richard _aIndividual disengagement from Al Qa'ida-influenced terrorist groups _bA Rapid Evidence Assessment to inform policy and practice in preventing terrorism |
||
| 260 |
_bRAND Corporation _c2011 |
||
| 650 | _aPolitical Science | ||
| 856 | _uwww.jstor.org/stable/10.7249/j.ctt3fh1z2 | ||
| 999 |
_c352217 _d352217 |
||